[Event "Open Bosnjaci"]
[Site "Bosnjaci"]
[Date "2017.01.09"]
[Round "9.10"]
[White "Bobanac, Miro"]
[Black "Aleksic, Neven"]
[Result "1/2-1/2"]
[WhiteElo "2279"]
[BlackElo "2112"]
[PlyCount "86"]
[EventDate "2017.??.??"]

1. b3 d5 2. Bb2 c5 3. e3 Nc6 4. Nf3 e6 5. d4 Nf6 6. Nbd2 Bd6 7. Bd3 cxd4 8.
exd4 O-O 9. O-O Qe7 10. a3 Qc7 11. Re1 Bd7 12. Ne5 Be8 13. Ndf3 Rc8 14. c4 dxc4
15. bxc4 Rd8 16. Qe2 h6 17. Rad1 Qa5 18. Qe3 Ne7 19. Bb1 Ba4 20. Rd2 Bxe5 21.
Nxe5 Nf5 22. Qc3 Qxc3 23. Bxc3 Nd6 24. f3 Rc8 25. Ba2 Rfd8 26. Bb2 Be8 27. Rc1
b6 28. g4 Ba4 29. c5 Nb7 30. cxb6 axb6 31. Nc4 Nd5 32. Kf2 Na5 33. Nxa5 Rxc1
34. Bxc1 bxa5 35. Rb2 Nc3 36. Kg3 Nxa2 37. Rxa2 Rxd4 38. Rd2 Rxd2 39. Bxd2 Kf8
40. Bxa5 Ke7 41. Bb4+ Kf6 42. f4 Kg6 43. h4 h5 1/2-1/2

[Event "Open Bosnjaci"]
[Site "Bosnjaci"]
[Date "2017.01.09"]
[Round "9.11"]
[White "Trbojevic, Mladen"]
[Black "Boban, Sten"]
[Result "1-0"]
[WhiteElo "2380"]
[BlackElo "2063"]
[PlyCount "101"]
[EventDate "2017.??.??"]

1. g3 d5 2. Bg2 Nf6 3. d3 e6 4. Nf3 c5 5. O-O Be7 6. Nbd2 O-O 7. e4 Nc6 8. e5
Nd7 9. Re1 Qc7 10. Qe2 f6 11. exf6 Nxf6 12. Nb3 Bd6 13. c4 Bd7 14. Bg5 Rae8 15.
Nfd2 Nb4 16. Rec1 h6 17. Bxf6 Rxf6 18. a3 dxc4 19. axb4 cxb3 20. bxc5 Be7 21.
Rxa7 Bc6 22. Bxc6 Qxc6 23. Ne4 Rf5 24. d4 e5 25. Qc4+ Kh8 26. d5 Qg6 27. Rxb7
Rf4 28. Re1 Bxc5 29. Qxc5 Rxe4 30. Rf1 Rd4 31. Rxb3 Rd8 32. Qc7 R4xd5 33. Rb8
Qe8 34. Rxd8 Qxd8 35. Qxd8+ Rxd8 36. b4 Rb8 37. Rb1 Kg8 38. b5 Kf7 39. Kg2 Ke6
40. Kf3 Kd5 41. Ke3 Rb6 42. g4 Kd6 43. Ke4 Ke6 44. Rb2 g6 45. h4 Rb8 46. b6 Rb7
47. h5 gxh5 48. gxh5 Kf6 49. Rb5 Kg5 50. Rxe5+ Kh4 51. Rb5 1-0

[Event "Open Bosnjaci"]
[Site "Bosnjaci"]
[Date "2017.01.09"]
[Round "9.12"]
[White "Levacic, Patrick"]
[Black "Safar, Sandro"]
[Result "1-0"]
[WhiteElo "2291"]
[BlackElo "1984"]
[PlyCount "57"]
[EventDate "2017.??.??"]

1. e4 c5 2. Nf3 Nc6 3. Bb5 g6 4. Bxc6 bxc6 5. O-O Bg7 6. Re1 d5 7. e5 Bg4 8. d3
e6 9. Nbd2 Ne7 10. h3 Bxf3 11. Nxf3 h6 12. Be3 Qb6 13. Qc1 Nf5 14. Bd2 Rb8 15.
b3 Nd4 16. Nh2 h5 17. c3 Nf5 18. Bg5 Bh6 19. Nf3 Bxg5 20. Qxg5 Qd8 21. Qf4 h4
22. Nh2 Nh6 23. Rac1 g5 24. Qf3 Qe7 25. c4 O-O 26. Qh5 Kg7 27. Nf3 Nf5 28.
Qxg5+ Qxg5 29. Nxg5 1-0

[Event "Open Bosnjaci"]
[Site "Bosnjaci"]
[Date "2017.01.09"]
[Round "9.13"]
[White "Jerkovic, Maroje"]
[Black "Ljikar, Zoran"]
[Result "1-0"]
[WhiteElo "2060"]
[BlackElo "2211"]
[PlyCount "65"]
[EventDate "2017.??.??"]

1. f4 d5 2. e3 g6 3. d4 Bg7 4. Bd3 Nh6 5. Nf3 O-O 6. O-O Bf5 7. Be2 c6 8. c4 e6
9. Nc3 Bg4 10. Bd2 Nd7 11. c5 Nf5 12. h3 Bxf3 13. Bxf3 Nxd4 14. exd4 Bxd4+ 15.
Kh1 Nxc5 16. Qe2 Bg7 17. Rad1 Re8 18. Be3 Nd7 19. Qf2 Qc7 20. Bd4 Qxf4 21. Ne2
Bxd4 22. Rxd4 Qd6 23. Bxd5 exd5 24. Qxf7+ Kh8 25. Rh4 Nf8 26. Nf4 Re7 27. Nxg6+
Qxg6 28. Qxe7 Ne6 29. Rf7 Ng5 30. Rf8+ Rxf8 31. Qxf8+ Qg8 32. Qxg8+ Kxg8 33.
Rg4 1-0

[Event "Open Bosnjaci"]
[Site "Bosnjaci"]
[Date "2017.01.09"]
[Round "9.14"]
[White "Tomulic, Teo"]
[Black "Macanga, Branko"]
[Result "1-0"]
[WhiteElo "2209"]
[BlackElo "1899"]
[PlyCount "59"]
[EventDate "2017.??.??"]

1. e4 Nf6 2. e5 Nd5 3. Nc3 Nb6 4. d4 d6 5. exd6 exd6 6. Bd3 Qe7+ 7. Nge2 Bg4 8.
O-O Qd7 9. Ne4 Be7 10. h3 Bh5 11. f4 f5 12. Nf2 O-O 13. g4 fxg4 14. Ng3 Bh4 15.
Kh2 Bf7 16. hxg4 g6 17. Kh3 Bf6 18. c3 c5 19. Nfe4 Be7 20. f5 Bc4 21. Bh6 Rf7
22. fxg6 hxg6 23. Bxc4 d5 24. Rxf7 Kxf7 25. Qf1+ Kg8 26. Nf6+ Bxf6 27. Qxf6
Nxc4 28. Qxg6+ Kh8 29. Rf1 Nd6 30. Rf8# 1-0

[Event "Open Bosnjaci"]
[Site "Bosnjaci"]
[Date "2017.01.09"]
[Round "9.15"]
[White "Kejzar, Petra"]
[Black "Lazor, Vladimir"]
[Result "0-1"]
[WhiteElo "2050"]
[BlackElo "2200"]
[PlyCount "146"]
[EventDate "2017.??.??"]

1. e4 d6 2. d4 g6 3. Nf3 Bg7 4. Bc4 Nf6 5. Nc3 c6 6. a4 O-O 7. O-O Nxe4 8. Nxe4
d5 9. Bd3 dxe4 10. Bxe4 Nd7 11. c3 Nf6 12. Bc2 Be6 13. Qe2 Bg4 14. h3 Bxf3 15.
Qxf3 Qd5 16. Qe2 Rfe8 17. Bf4 Nh5 18. Be5 Bxe5 19. dxe5 Nf4 20. Qe4 Qxe4 21.
Bxe4 a5 22. Rfd1 Red8 23. Kf1 Ne6 24. g3 Nc5 25. Bc2 e6 26. Ke2 Rd5 27. Rxd5
cxd5 28. Ke3 Nd7 29. f4 Rc8 30. h4 Nb6 31. Bd3 Nc4+ 32. Bxc4 Rxc4 33. h5 Kg7
34. hxg6 hxg6 35. Kd2 g5 36. b3 Re4 37. Re1 Rxe1 38. Kxe1 Kg6 39. Kf2 Kf5 40.
Kf3 gxf4 41. gxf4 b6 42. b4 d4 43. bxa5 dxc3 44. axb6 c2 45. b7 c1=Q 46. b8=Q
Qxf4+ 47. Kg2 Qxa4 48. Qh8 Qg4+ 49. Kh1 Kf4 50. Qh2+ Ke4 51. Qc2+ Kxe5 52. Qc7+
Kf6 53. Qc3+ Kg6 54. Qg3 f5 55. Qb8 Qe4+ 56. Kh2 Qh4+ 57. Kg2 Qg4+ 58. Kh1 Qe4+
59. Kh2 f4 60. Qe8+ Kg5 61. Qg8+ Kf5 62. Qh7+ Ke5 63. Qh8+ Kd5 64. Qa8+ Kd4 65.
Qa1+ Kc4 66. Qa4+ Kd3 67. Qd1+ Kc3 68. Qa1+ Kd2 69. Qa5+ Ke2 70. Qb5+ Kf2 71.
Qb6+ Qe3 72. Qb2+ Qe2 73. Qd4+ Kf3+ 0-1

[Event "Open Bosnjaci"]
[Site "Bosnjaci"]
[Date "2017.01.09"]
[Round "9.16"]
[White "Berke, Ana"]
[Black "Pasalic, Adnan"]
[Result "1-0"]
[WhiteElo "2195"]
[BlackElo "2007"]
[PlyCount "51"]
[EventDate "2017.??.??"]

1. e4 e5 2. Nf3 Nf6 3. d4 Nxe4 4. Nxe5 Qe7 5. Bd3 Nc5 6. O-O Nxd3 7. Nxd3 d5 8.
Re1 Be6 9. Nf4 Qd7 10. c4 Be7 11. Nxe6 fxe6 12. Qh5+ Kd8 13. Nc3 c6 14. Bg5 Bf6
15. Rac1 Qe7 16. Bxf6 Qxf6 17. cxd5 g6 18. Qg4 exd5 19. Nxd5 Qf5 20. Qh4+ g5
21. Ne3 Qf6 22. Qg3 Nd7 23. d5 c5 24. d6 Rf8 25. Nd5 Qf5 26. Nc7 1-0

[Event "Open Bosnjaci"]
[Site "Bosnjaci"]
[Date "2017.01.09"]
[Round "9.17"]
[White "Kukic, Lora"]
[Black "Babic, Zvonko"]
[Result "0-1"]
[WhiteElo "2013"]
[BlackElo "2162"]
[PlyCount "88"]
[EventDate "2017.??.??"]

1. d4 Nf6 2. Nf3 g6 3. c4 Bg7 4. Nc3 O-O 5. Bg5 d6 6. h3 h6 7. Bh4 c5 8. e3
Nbd7 9. Be2 cxd4 10. exd4 Nh5 11. Nd5 g5 12. Nxg5 hxg5 13. Bxg5 Nhf6 14. Bd3
Nxd5 15. cxd5 Qa5+ 16. Kf1 Qxd5 17. Qh5 Nf6 18. Qh4 Bf5 19. Be2 Ne4 20. Re1
Nxg5 21. Qxg5 Be4 22. Qg3 Rac8 23. h4 Qxd4 24. h5 Qe5 25. f4 Qxb2 26. h6 Bg6
27. hxg7 Qxg7 28. Qf3 Rc3 29. Qxb7 Qf6 30. Qxa7 Qxf4+ 31. Kg1 Rc1 32. Rxc1
Qxc1+ 33. Kh2 Qf4+ 34. Kg1 Rc8 35. Bf1 Bd3 36. Qf2 Qxf2+ 37. Kxf2 Rc2+ 38. Ke3
Bxf1 39. Rxf1 Rxa2 40. g4 Ra4 41. Kf3 Kg7 42. Rb1 e6 43. Rb7 Kf6 44. g5+ Kg6
0-1

[Event "Open Bosnjaci"]
[Site "Bosnjaci"]
[Date "2017.01.09"]
[Round "9.18"]
[White "Medic, Mirjana"]
[Black "Levacic, Matej"]
[Result "1-0"]
[WhiteElo "2147"]
[BlackElo "1643"]
[PlyCount "79"]
[EventDate "2017.??.??"]

1. d4 Nf6 2. Nf3 g6 3. c4 Bg7 4. Nc3 O-O 5. e4 d6 6. g3 Nbd7 7. Bg2 c6 8. O-O
Qc7 9. h3 e5 10. Be3 Nb6 11. b3 Qe7 12. Qc2 Re8 13. dxe5 dxe5 14. c5 Nbd7 15.
Nd2 Rb8 16. Na4 b5 17. Nb2 Nf8 18. Nd3 Bb7 19. a4 a6 20. axb5 axb5 21. Ra7 Ra8
22. Rfa1 Rxa7 23. Rxa7 Ra8 24. Rxa8 Bxa8 25. Qc3 Qc7 26. Qxe5 Qxe5 27. Nxe5
Nxe4 28. Nxc6 Nxd2 29. Bxd2 Ne6 30. b4 Bxc6 31. Bxc6 Nd4 32. Bd5 Be5 33. f4 Bc7
34. Kf2 Kf8 35. Bc3 Nc2 36. Bb3 Na3 37. Bb2 Nc4 38. Bxc4 bxc4 39. Ke3 g5 40.
Be5 1-0

[Event "Open Bosnjaci"]
[Site "Bosnjaci"]
[Date "2017.01.09"]
[Round "9.19"]
[White "Vajic, Goran"]
[Black "Mican, Mato"]
[Result "1-0"]
[WhiteElo "2310"]
[BlackElo "1937"]
[PlyCount "73"]
[EventDate "2017.??.??"]

1. e4 e5 2. Nf3 Nc6 3. Bc4 Bc5 4. O-O Nf6 5. d3 d6 6. c3 h6 7. Nbd2 O-O 8. b4
Bb6 9. a4 a5 10. b5 Ne7 11. Bb3 Ng6 12. Nc4 Bg4 13. Nxb6 cxb6 14. h3 Bh5 15. g3
Qc8 16. Kg2 Qxc3 17. Be3 Bxf3+ 18. Kxf3 Qc8 19. Kg2 Nd7 20. Qh5 Kh7 21. f4 Nf6
22. Qe2 Qd8 23. f5 Ne7 24. g4 Kh8 25. g5 hxg5 26. Bxg5 Neg8 27. Qf2 Nh6 28. Qh4
Kh7 29. Rg1 Rc8 30. Bc4 Qe7 31. Kh1 Rg8 32. Rg2 Ra8 33. Rag1 Rac8 34. Qf2 Qc7
35. Qh4 Qe7 36. Be3 Qc7 37. Rxg7+ 1-0